000
00252nam a2200097Ia 4500
001
1112268
005
20250827003927.0
008
250824s9999 xx 000 0 und d
245
0
_a
BİR KADIN BİR SES
_c
DOĞAN CÜCELOĞLU
260
_b
REMZİ KİTABEVİ
999
_c
1112268
_d
1112268